[Event "OSREDNJA SLOVENSKA LIGA 2024"]
[Site "Gostovanja"]
[Date "2024.10.03"]
[Round "4.1"]
[White "Justin, Matjaz"]
[Black "Olenik Campa, Rudi"]
[Result "0-1"]
[WhiteElo "2215"]
[BlackElo "2335"]
[PlyCount "92"]
[EventDate "2024.09.12"]
[WhiteTeam "SD Vrhnika"]
[BlackTeam "SK Ljubljana"]

1. e4 e5 2. Nf3 Nc6 3. Bb5 f5 4. d3 fxe4 5. dxe4 Nf6 6. Nc3 Bb4 7. O-O Bxc3 8.
bxc3 d6 9. Re1 O-O 10. h3 Kh8 11. Nh4 Be6 12. Bf1 Qe8 13. g4 Qf7 14. a3 Nxe4
15. f4 Ng3 16. f5 Qe7 17. Ng2 Nxf5 18. gxf5 Bxf5 19. Re3 e4 20. c4 Qe6 21. Bb2
Ne5 22. Nf4 Qh6 23. Bxe5 dxe5 24. Ng2 Bxh3 25. Rxe4 Rad8 26. Qe1 Bf5 27. Rxe5
Bxc2 28. Qg3 Rd6 29. Rae1 Rdf6 30. Qe3 Qg6 31. Qxa7 h6 32. Qxb7 Rxf1+ 33. Rxf1
Rxf1+ 34. Kxf1 Qf6+ 35. Kg1 Qxe5 36. Qf3 Kh7 37. Qe3 Qf5 38. Nf4 Be4 39. a4 Bc6
40. Nd5 Qg5+ 41. Kf2 Qh4+ 42. Kg1 Qxc4 43. Nxc7 Qg4+ 44. Kf1 Qf5+ 45. Ke1 Qg6
46. Kf1 Qf7+ 0-1

[Event "OSREDNJA SLOVENSKA LIGA 2024"]
[Site "Gostovanja"]
[Date "2024.10.03"]
[Round "4.1"]
[White "Srebrnic, Vojko"]
[Black "Siraj, Anej"]
[Result "1/2-1/2"]
[WhiteElo "2074"]
[BlackElo "2075"]
[PlyCount "90"]
[EventDate "2024.09.12"]
[WhiteTeam "SK Ljubljana"]
[BlackTeam "SD Vrhnika"]

1. Nf3 d5 2. g3 Nf6 3. Bg2 c5 4. c4 e6 5. cxd5 exd5 6. d4 c4 7. O-O Be7 8. Nc3
O-O 9. Ne5 h6 10. b3 Qa5 11. Bb2 Rd8 12. bxc4 dxc4 13. Nxc4 Qb4 14. Qb3 Rxd4
15. Ba3 Qxb3 16. axb3 Bxa3 17. Rxa3 Nc6 18. Bxc6 bxc6 19. Nb6 Rb8 20. Nxc8 Rxc8
21. Rxa7 Rb8 22. Rc7 Rxb3 23. Rxc6 Rb2 24. e3 Rdd2 25. Rxf6 gxf6 26. Ne4 Rdc2
27. Nxf6+ Kg7 28. Nh5+ Kg6 29. Nf4+ Kf5 30. Kg2 Ke4 31. g4 Rd2 32. Kg3 Ra2 33.
h4 Rab2 34. h5 Ra2 35. Nh3 Rab2 36. g5 Kf5 37. gxh6 Rd6 38. Ra1 Rxh6 39. Ra5+
Kf6 40. Nf4 Kg7 41. Kf3 Rf6 42. Rg5+ Kh6 43. Rg8 Kh7 44. Ra8 Kh6 45. Rh8+ Kg7
1/2-1/2

[Event "OSREDNJA SLOVENSKA LIGA 2024"]
[Site "Gostovanja"]
[Date "2024.10.03"]
[Round "4.1"]
[White "Siraj, Svit"]
[Black "Markus, David"]
[Result "1-0"]
[WhiteElo "2048"]
[BlackElo "1771"]
[PlyCount "35"]
[EventDate "2024.09.12"]
[WhiteTeam "SD Vrhnika"]
[BlackTeam "SK Ljubljana"]

1. e4 c5 2. Nf3 e6 3. c4 Nc6 4. Nc3 g6 5. d4 cxd4 6. Nxd4 Bg7 7. Ndb5 Bf8 8.
Bf4 e5 9. Nd5 f6 10. Be3 Kf7 11. Be2 d6 12. O-O Be6 13. Ndc7 Rc8 14. Nxe6 Kxe6
15. Qd5+ Ke7 16. Nxd6 Rc7 17. Qf7+ Kxd6 18. c5# 1-0

[Event "OSREDNJA SLOVENSKA LIGA 2024"]
[Site "Gostovanja"]
[Date "2024.10.03"]
[Round "4.1"]
[White "Samotorcan, Gal"]
[Black "Sever, Gacper"]
[Result "1/2-1/2"]
[WhiteElo "1702"]
[BlackElo "1790"]
[PlyCount "128"]
[EventDate "2024.09.12"]
[WhiteTeam "SK Ljubljana"]
[BlackTeam "SD Vrhnika"]

1. d4 Nf6 2. c4 e5 3. dxe5 Ng4 4. Nf3 Nc6 5. Bg5 Be7 6. Bxe7 Qxe7 7. e3 Ncxe5
8. Nxe5 Nxe5 9. Nc3 Qb4 10. Qb3 Qxb3 11. axb3 d6 12. Nb5 Kd8 13. Nxa7 Ke8 14.
Ra3 Bf5 15. Nb5 Rxa3 16. bxa3 Kd7 17. Be2 Bd3 18. Bxd3 Nxd3+ 19. Ke2 Nc5 20.
Nd4 Ra8 21. Ra1 g6 22. b4 Na4 23. Nb3 Nb2 24. c5 d5 25. Na5 b6 26. cxb6 cxb6
27. Nb3 Ra4 28. Nd2 Kd6 29. Ra2 Nc4 30. Nxc4+ dxc4 31. Kd2 b5 32. Kc3 Kc6 33.
Kd4 f6 34. h3 h6 35. Kc3 Kd5 36. Rd2+ Ke5 37. Kb2 Ra7 38. Rd8 Rb7 39. f3 f5 40.
g3 g5 41. Rd4 Ra7 42. Rd1 h5 43. Rd8 g4 44. hxg4 hxg4 45. Re8+ Kd5 46. f4 Rf7
47. Re5+ Kc6 48. Kc3 Rd7 49. Re6+ Kb7 50. Kc2 Rd3 51. Kb2 Rd2+ 52. Kb1 Rd5 53.
e4 fxe4 54. Rxe4 Rd3 55. f5 Rxg3 56. f6 Rxa3 57. Rxg4 Rf3 58. Rg7+ Kc6 59. Rf7
Kd5 60. Rb7 c3 61. Rc7 Kd4 62. Kc2 Rf2+ 63. Kb3 Rxf6 64. Rxc3 Rf5 1/2-1/2

[Event "OSREDNJA SLOVENSKA LIGA 2024"]
[Site "Gostovanja"]
[Date "2024.10.03"]
[Round "4.2"]
[White "Gantar, Jan"]
[Black "Plaskan, Jure"]
[Result "1-0"]
[WhiteElo "2169"]
[BlackElo "2239"]
[PlyCount "119"]
[EventDate "2024.09.12"]
[WhiteTeam "SK Komenda Popotnik"]
[BlackTeam "SD Domzale"]

1. e4 c5 2. Nc3 a6 3. Nf3 e6 4. d4 cxd4 5. Nxd4 b5 6. g3 Bb7 7. Bg2 Nc6 8. O-O
Nge7 9. Bg5 Nxd4 10. Qxd4 Nc6 11. Qd2 f6 12. Be3 Ne5 13. b3 Rc8 14. Ne2 Qc7 15.
c3 Be7 16. h3 O-O 17. f4 Nf7 18. Rfd1 Rfd8 19. a4 Nd6 20. axb5 axb5 21. Ra7 Qb8
22. e5 fxe5 23. fxe5 Ne4 24. Rxb7 Qxb7 25. Qc2 Bg5 26. Bd4 d5 27. exd6 Rxd6 28.
Bxe4 Qe7 29. Be5 Rxd1+ 30. Qxd1 Rd8 31. Qa1 Be3+ 32. Kg2 Rf8 33. Bf4 Ba7 34.
Nd4 e5 35. Nc6 Qd6 36. Qxa7 exf4 37. Qd4 Qh6 38. Ne5 Qh5 39. Bf3 Qf5 40. Be4
Qf6 41. Bd5+ Kh8 42. Nf7+ Kg8 43. Qxf6 gxf6 44. gxf4 Kg7 45. f5 Re8 46. Kf3 Re1
47. c4 Rd1 48. Ke2 Rd4 49. Nd8 Rh4 50. cxb5 Kh6 51. b6 Rb4 52. b7 Kg5 53. Be6
Kh4 54. Bc8 Rxb3 55. Nc6 Kxh3 56. b8=Q Rxb8 57. Nxb8 h5 58. Nd7 h4 59. Nxf6 Kg3
60. Ne4+ 1-0

[Event "OSREDNJA SLOVENSKA LIGA 2024"]
[Site "Gostovanja"]
[Date "2024.10.03"]
[Round "4.2"]
[White "Debevec, Blaz"]
[Black "Keber, Aljoca"]
[Result "1/2-1/2"]
[WhiteElo "2066"]
[BlackElo "2103"]
[PlyCount "66"]
[EventDate "2024.09.12"]
[WhiteTeam "SD Domzale"]
[BlackTeam "SK Komenda Popotnik"]

1. e4 c5 2. Nf3 e6 3. b3 d5 4. Bb5+ Bd7 5. Bxd7+ Qxd7 6. exd5 Qxd5 7. O-O Nf6
8. d4 Nc6 9. dxc5 Bxc5 10. Qxd5 Nxd5 11. a3 Nd4 12. Nxd4 Bxd4 13. Ra2 Nc3 14.
Nxc3 Bxc3 15. Rd1 Ke7 16. Rd3 Rhd8 17. Kf1 Rxd3 18. cxd3 Rc8 19. Rc2 Kd7 20.
Be3 a6 21. a4 h5 22. Ke2 Bf6 23. Rc4 b5 24. Rxc8 Kxc8 25. axb5 axb5 26. h3 Kd7
27. g4 hxg4 28. hxg4 Kc6 29. f3 Kd5 30. Bc1 Bd4 31. Bd2 f5 32. Bc1 g6 33. Bd2
Bc5 1/2-1/2

[Event "OSREDNJA SLOVENSKA LIGA 2024"]
[Site "Gostovanja"]
[Date "2024.10.03"]
[Round "4.2"]
[White "Perme, Martin"]
[Black "Skube, Zan"]
[Result "1/2-1/2"]
[WhiteElo "1902"]
[BlackElo "1719"]
[PlyCount "87"]
[EventDate "2024.09.12"]
[WhiteTeam "SK Komenda Popotnik"]
[BlackTeam "SD Domzale"]

1. e4 c6 2. d4 d5 3. exd5 cxd5 4. Nf3 Nc6 5. Bf4 Nf6 6. Bd3 Bg4 7. c3 e6 8.
Nbd2 Bd6 9. Bg3 O-O 10. O-O a6 11. Qb3 Bxg3 12. fxg3 b5 13. Rae1 Bh5 14. Ne5
Nxe5 15. Rxe5 Bg6 16. Bxg6 hxg6 17. Qd1 b4 18. Nb3 bxc3 19. bxc3 Ne4 20. Nc5
Nxc5 21. dxc5 Qc7 22. Qd4 Rac8 23. c4 Qxc5 24. Qxc5 Rxc5 25. cxd5 Rxd5 26. Rxd5
exd5 27. Rd1 Rd8 28. Kf2 Kf8 29. Ke3 Ke7 30. Rb1 Ke6 31. Kd4 Rd6 32. Re1+ Kd7
33. Rb1 Kc7 34. Rf1 f6 35. Re1 Kd7 36. Rb1 Kc6 37. Rc1+ Kb5 38. Rc7 Rc6 39.
Rxg7 g5 40. Rg6 Rc2 41. Kxd5 Rxg2 42. Rxf6 Rxh2 43. a4+ Kb4 44. Rxa6 1/2-1/2

[Event "OSREDNJA SLOVENSKA LIGA 2024"]
[Site "Gostovanja"]
[Date "2024.10.03"]
[Round "4.3"]
[White "Veskovic, Dzemal"]
[Black "Bohorc, Edo"]
[Result "1/2-1/2"]
[WhiteElo "1895"]
[BlackElo "2007"]
[PlyCount "31"]
[EventDate "2024.09.12"]
[WhiteTeam "SD Mengec - Trzin"]
[BlackTeam "SD Crni graben"]

1. e4 e6 2. Nf3 d5 3. e5 c5 4. d4 Nc6 5. c3 Qb6 6. Qb3 Qxb3 7. axb3 cxd4 8.
cxd4 Bd7 9. Na3 Bb4+ 10. Bd2 Nge7 11. Nc2 Bxd2+ 12. Kxd2 O-O 13. Bd3 a6 14. h4
Na7 15. h5 h6 16. g4 1/2-1/2

[Event "OSREDNJA SLOVENSKA LIGA 2024"]
[Site "Gostovanja"]
[Date "2024.10.03"]
[Round "4.3"]
[White "Osolin, Bogdan"]
[Black "Jukan, Nesib"]
[Result "1/2-1/2"]
[WhiteElo "1941"]
[BlackElo "1930"]
[PlyCount "59"]
[EventDate "2024.09.12"]
[WhiteTeam "SD Crni graben"]
[BlackTeam "SD Mengec - Trzin"]

1. e4 e5 2. Nf3 Nf6 3. Nc3 Bb4 4. Bc4 Nc6 5. O-O O-O 6. d3 Bxc3 7. bxc3 d5 8.
exd5 Nxd5 9. Qe1 Re8 10. Ng5 Bf5 11. Rb1 h6 12. Ne4 Bxe4 13. dxe4 Nb6 14. Bd3
Qd6 15. Qe2 Rab8 16. Bd2 Na4 17. Bc4 Nb6 18. Bd3 Red8 19. Rfd1 Qe6 20. c4 Nd4
21. Qf1 Qg4 22. f3 Qe6 23. Ba5 Qc6 24. Bb4 Ne6 25. Bc3 Na4 26. Be1 b6 27. g3
Nd4 28. Kg2 Nc5 29. c3 Nde6 30. Bc2 1/2-1/2

[Event "OSREDNJA SLOVENSKA LIGA 2024"]
[Site "Gostovanja"]
[Date "2024.10.03"]
[Round "4.3"]
[White "Sedlar, Tomo"]
[Black "Hribar, Janez"]
[Result "1-0"]
[WhiteElo "1871"]
[BlackElo "1907"]
[PlyCount "101"]
[EventDate "2024.09.12"]
[WhiteTeam "SD Mengec - Trzin"]
[BlackTeam "SD Crni graben"]

1. d4 d5 2. c4 c6 3. Nc3 Bf5 4. Qb3 b6 5. cxd5 cxd5 6. Qxd5 Qxd5 7. Nxd5 Kd8 8.
Bf4 Nc6 9. e3 e6 10. Nc3 Nb4 11. Rc1 Nf6 12. Nf3 Nd3+ 13. Bxd3 Bxd3 14. Ne5 Bg6
15. O-O Nh5 16. Bg3 Nxg3 17. hxg3 Rc8 18. Nxg6 hxg6 19. Ne4 Be7 20. Rxc8+ Kxc8
21. Rc1+ Kb7 22. f3 Rh5 23. Kf2 Rb5 24. Rc2 Ra5 25. a3 a6 26. Nd2 Rd5 27. g4 f5
28. gxf5 gxf5 29. Ke2 Bf6 30. f4 g5 31. fxg5 Bxg5 32. Nf3 Bf6 33. Ne1 e5 34.
dxe5 Rxe5 35. Nd3 Re8 36. Kf3 Bg5 37. Nf4 Re4 38. g3 a5 39. Rh2 Re7 40. Rh5
Bxf4 41. gxf4 Rf7 42. e4 fxe4+ 43. Kxe4 Re7+ 44. Re5 Rh7 45. f5 Rh4+ 46. Kd5
Rh2 47. f6 Rxb2 48. f7 Rf2 49. Ke6 Rxf7 50. Kxf7 Kc6 51. a4 1-0

[Event "OSREDNJA SLOVENSKA LIGA 2024"]
[Site "Gostovanja"]
[Date "2024.10.03"]
[Round "4.3"]
[White "Majcen, Zoran"]
[Black "Simicak, Metod"]
[Result "1/2-1/2"]
[WhiteElo "1888"]
[BlackElo "1858"]
[PlyCount "61"]
[EventDate "2024.09.12"]
[WhiteTeam "SD Crni graben"]
[BlackTeam "SD Mengec - Trzin"]

1. e4 e5 2. d4 exd4 3. Qxd4 c5 4. Qe3 Nc6 5. Bd2 a6 6. Nf3 Be7 7. Nc3 b5 8. Nd5
d6 9. c4 Rb8 10. cxb5 axb5 11. Bd3 Bg4 12. Bc2 Bxf3 13. Nxe7 Qxe7 14. Qxf3 Nd4
15. Qd3 Nxc2+ 16. Qxc2 f5 17. O-O fxe4 18. Rae1 Nf6 19. Bg5 O-O 20. Bxf6 Rxf6
21. Rxe4 Qf7 22. a3 Rf8 23. f3 c4 24. Rfe1 Qg6 25. R4e2 Qg5 26. Qd2 Qxd2 27.
Rxd2 Kf7 28. Rde2 Kg6 29. Re7 R8f7 30. Re8 Rb7 31. R8e7 1/2-1/2

[Event "OSREDNJA SLOVENSKA LIGA 2024"]
[Site "Gostovanja"]
[Date "2024.10.03"]
[Round "4.4"]
[White "Demcar, Maks"]
[Black "Markoja Jeraj, Sebastijan"]
[Result "1/2-1/2"]
[WhiteElo "1958"]
[BlackElo "2227"]
[PlyCount "69"]
[EventDate "2024.09.12"]
[WhiteTeam "Dructvo Tomo Zupan"]
[BlackTeam "SK Dol pri Ljubljani"]

1. e4 c5 2. Nf3 d6 3. d4 cxd4 4. Nxd4 Nf6 5. Nc3 a6 6. h3 e5 7. Nde2 h5 8. g3
b5 9. Bg2 Bb7 10. O-O Be7 11. a4 b4 12. Nd5 Nxd5 13. exd5 a5 14. c4 Nd7 15. Be3
Rc8 16. Rc1 Bg5 17. f4 Bh6 18. Qc2 O-O 19. g4 hxg4 20. hxg4 exf4 21. Bxf4 Bxf4
22. Rxf4 Ne5 23. Rcf1 Qh4 24. b3 Rce8 25. Bf3 Bc8 26. Rf2 g6 27. g5 Nxf3+ 28.
R4xf3 Bg4 29. Rxf7 Qxg5 30. Rxf8+ Rxf8 31. Rxf8+ Kxf8 32. Nd4 Bf5+ 33. Qg2 Qc1+
34. Qf1 Qg5+ 35. Qg2 1/2-1/2

[Event "OSREDNJA SLOVENSKA LIGA 2024"]
[Site "Gostovanja"]
[Date "2024.10.03"]
[Round "4.4"]
[White "Azinovic, Igor"]
[Black "Smirnov, Maksim"]
[Result "0-1"]
[WhiteElo "1799"]
[BlackElo "1839"]
[PlyCount "31"]
[EventDate "2024.09.12"]
[WhiteTeam "SK Dol pri Ljubljani"]
[BlackTeam "Dructvo Tomo Zupan"]

1. e4 c6 2. d4 d5 3. e5 Bf5 4. Nf3 e6 5. Be2 h6 6. O-O Ne7 7. c4 dxc4 8. Bxc4
Nd7 9. Nc3 Nb6 10. Bd3 Bxd3 11. Qxd3 Ned5 12. a3 Be7 13. Ne4 O-O 14. g4 f5 15.
exf6 gxf6 16. g5 {nejasno (45)} 0-1

[Event "OSREDNJA SLOVENSKA LIGA 2024"]
[Site "Gostovanja"]
[Date "2024.10.03"]
[Round "4.4"]
[White "Mihajlovic, Patricija"]
[Black "Magerl, Zan"]
[Result "0-1"]
[WhiteElo "1596"]
[BlackElo "1682"]
[PlyCount "60"]
[EventDate "2024.09.12"]
[WhiteTeam "Dructvo Tomo Zupan"]
[BlackTeam "SK Dol pri Ljubljani"]

1. d4 d5 2. c4 c6 3. Nf3 Nf6 4. Nc3 dxc4 5. a4 Bf5 6. e3 e6 7. Bxc4 Bb4 8. O-O
O-O 9. Qe2 h6 10. e4 Bh7 11. e5 Nd5 12. Ne4 Be7 13. Rd1 a5 14. Nfd2 Na6 15. Nf1
Nac7 16. Nfg3 Kh8 17. Nh5 Bg6 18. Neg3 Nb4 19. Nf4 Bh7 20. Be3 Rb8 21. Qg4 Rg8
22. Qh5 Qe8 23. Nd3 b5 24. Nxb4 bxc4 25. Na2 Rxb2 26. Rdc1 Bg6 27. Qh3 Qb8 28.
f4 Nd5 29. Re1 Nxe3 30. Rxe3 Rxa2 0-1

[Event "OSREDNJA SLOVENSKA LIGA 2024"]
[Site "Gostovanja"]
[Date "2024.10.03"]
[Round "4.5"]
[White "Butala, Marjan"]
[Black "Baric, Ducan"]
[Result "0-1"]
[WhiteElo "1940"]
[BlackElo "1957"]
[PlyCount "84"]
[EventDate "2024.09.12"]
[WhiteTeam "Dructvo KPSRD Karel Jeraj"]
[BlackTeam "SK Vicnja gora - Sticna"]

1. e4 c5 2. Nc3 Nc6 3. g3 Nf6 4. Bg2 g6 5. Nge2 Bg7 6. d3 a6 7. O-O d6 8. h3
Bd7 9. a4 Rb8 10. Be3 b5 11. axb5 axb5 12. Qd2 O-O 13. Bh6 e6 14. Bxg7 Kxg7 15.
f4 b4 16. Nd1 Qb6 17. Ne3 Na5 18. e5 Ne8 19. Nc4 Nxc4 20. dxc4 Bc6 21. Rad1 Rd8
22. Qe3 Bxg2 23. Kxg2 Qc6+ 24. Qf3 Qxf3+ 25. Rxf3 d5 26. c3 Nc7 27. Rfd3 Rb8
28. Kf3 dxc4 29. Rd7 Nd5 30. R1xd5 exd5 31. Rxd5 Rbc8 32. Ke4 Rfd8 33. g4 f5+
34. exf6+ Kxf6 35. h4 Re8+ 36. Re5 Rcd8 37. cxb4 cxb4 38. g5+ Kf7 39. Nd4 Rxe5+
40. fxe5 c3 41. bxc3 bxc3 42. e6+ Ke8 0-1

[Event "OSREDNJA SLOVENSKA LIGA 2024"]
[Site "Gostovanja"]
[Date "2024.10.03"]
[Round "4.5"]
[White "Picek, Igor"]
[Black "Stimec, Marjan"]
[Result "0-1"]
[WhiteElo "1806"]
[BlackElo "1842"]
[PlyCount "106"]
[EventDate "2024.09.12"]
[WhiteTeam "SK Vicnja gora - Sticna"]
[BlackTeam "Dructvo KPSRD Karel Jeraj"]

1. e4 b6 2. d4 Bb7 3. Nc3 g6 4. Nf3 Bg7 5. Bd3 d6 6. Qe2 e5 7. dxe5 dxe5 8. Bg5
f6 9. Bh4 Nd7 10. O-O-O c6 11. Ba6 Qc7 12. Bc4 O-O-O 13. Be6 Kb8 14. Rxd7 Rxd7
15. Bxd7 Qxd7 16. Rd1 Qc7 17. Qd3 Bc8 18. h3 Nh6 19. g4 g5 20. Bg3 Nf7 21. Ng1
Be6 22. f3 Kb7 23. b3 Rd8 24. Qf1 Bf8 25. Kb2 Qe7 26. Rxd8 Qa3+ 27. Kb1 Nxd8
28. Qd3 Nf7 29. Bf2 Bc5 30. Bxc5 Qxc5 31. Nce2 a5 32. Qc3 Qa3 33. Nc1 Nd6 34.
Nge2 a4 35. Qd3 axb3 36. axb3 Kc7 37. Qc3 Nb5 38. Qa1 Qc5 39. c4 Nd6 40. Qc3
Qf2 41. Kc2 Qg2 42. c5 bxc5 43. Qa5+ Kd7 44. Qa7+ Kd8 45. Qxc5 Ke7 46. Qxc6
Qxf3 47. b4 Bd7 48. Qd5 Bb5 49. Nc3 Qg2+ 50. Kb1 Bc4 51. Qc5 Qxh3 52. Nd5+ Bxd5
53. Qxd5 Qxg4 0-1

[Event "OSREDNJA SLOVENSKA LIGA 2024"]
[Site "Gostovanja"]
[Date "2024.10.03"]
[Round "4.5"]
[White "Vertacnik, Viktor"]
[Black "Jancigaj, Saco Valentin"]
[Result "1/2-1/2"]
[WhiteElo "1718"]
[BlackElo "1770"]
[PlyCount "29"]
[EventDate "2024.09.12"]
[WhiteTeam "Dructvo KPSRD Karel Jeraj"]
[BlackTeam "SK Vicnja gora - Sticna"]

1. e4 b6 2. d4 Bb7 3. Bd3 e6 4. Nf3 Nf6 5. Qe2 Be7 6. O-O O-O 7. a3 e5 8. Nbd2
c5 9. dxe5 Ne8 10. c3 f5 11. exf6 Rxf6 12. Re1 Bd6 13. Nf1 c4 14. Bc2 h6 15.
Ng3 {nejasno (40)} 1/2-1/2

[Event "OSREDNJA SLOVENSKA LIGA 2024"]
[Site "Gostovanja"]
[Date "2024.10.03"]
[Round "4.7"]
[White "Babarovic, Fran"]
[Black "Jece, Janez"]
[Result "1-0"]
[WhiteElo "1786"]
[BlackElo "1801"]
[PlyCount "99"]
[EventDate "2024.09.12"]
[WhiteTeam "SK Komenda Pogi"]
[BlackTeam "SK Medvode"]

1. e4 e5 2. Nf3 Nc6 3. Bc4 Nf6 4. d3 h6 5. c3 a6 6. Bb3 Bc5 7. O-O O-O 8. Re1
d6 9. h3 Be6 10. Bc2 Ne7 11. Nh4 Ng6 12. Nxg6 fxg6 13. Be3 Bxe3 14. Rxe3 Nh5
15. d4 Qh4 16. Qe1 Rf7 17. Bb3 Bxb3 18. axb3 Raf8 19. f3 Qxe1+ 20. Rxe1 Nf4 21.
Nd2 exd4 22. cxd4 Ne6 23. d5 Nc5 24. Re3 Nd7 25. Nc4 g5 26. Na5 b6 27. Nc6 a5
28. Rc1 Nf6 29. Rec3 Ra8 30. Nd4 Ne8 31. Nb5 Rc8 32. Rc6 Rb8 33. Nxc7 Nxc7 34.
Rxc7 Rxc7 35. Rxc7 b5 36. Ra7 Rb6 37. Rxa5 Kf7 38. Kf2 Kf6 39. Ke3 Ke5 40. g3
g6 41. Ra7 Kf6 42. Rc7 h5 43. Rc6 Rxc6 44. dxc6 Ke7 45. Kd4 Kd8 46. Kd5 Kc7 47.
b4 g4 48. hxg4 hxg4 49. fxg4 g5 50. b3 1-0

[Event "OSREDNJA SLOVENSKA LIGA 2024"]
[Site "Gostovanja"]
[Date "2024.10.03"]
[Round "4.7"]
[White "Krupenko, Katja"]
[Black "Macek, Inti"]
[Result "1-0"]
[WhiteElo "1704"]
[BlackElo "1750"]
[PlyCount "115"]
[EventDate "2024.09.12"]
[WhiteTeam "SK Medvode"]
[BlackTeam "SK Komenda Pogi"]

1. d4 d5 2. c4 e6 3. Nc3 c6 4. Nf3 Nf6 5. Bf4 Be7 6. e3 O-O 7. Bd3 Nbd7 8. O-O
Re8 9. Qc2 dxc4 10. Bxc4 Nd5 11. Bg3 N7f6 12. Ne5 Bd7 13. e4 Nb6 14. Bb3 Bf8
15. Qe2 c5 16. dxc5 Bxc5 17. Rfd1 Qe7 18. Nxd7 Nfxd7 19. Nb5 Red8 20. Rac1 e5
21. Rc3 a6 22. Nc7 Rac8 23. Nd5 Nxd5 24. Bxd5 Nb6 25. Bb3 Bd4 26. Rxc8 Rxc8 27.
Kh1 a5 28. Qb5 Qb4 29. Qxb4 axb4 30. f4 exf4 31. Bxf4 Bxb2 32. Rd6 Na8 33. Rd7
Rf8 34. Rxb7 Bc3 35. Bd6 Rd8 36. Bxb4 Bxb4 37. Rxb4 Nc7 38. h3 Kf8 39. a4 Ne6
40. Bd5 Nc5 41. a5 Na6 42. Rb6 Nc7 43. Bb7 Rb8 44. Kg1 Ke7 45. Kf2 Kd7 46. Ke3
Na8 47. Rb3 Kc7 48. a6 Nb6 49. Rc3+ Kd7 50. Bc6+ Kd6 51. a7 Rc8 52. e5+ Kxe5
53. Kd3 Rd8+ 54. Kc2 Na8 55. Kb3 Rc8 56. Kb4 Kd6 57. Bf3 Nc7 58. Ka5 1-0

[Event "OSREDNJA SLOVENSKA LIGA 2024"]
[Site "Gostovanja"]
[Date "2024.10.03"]
[Round "4.7"]
[White "Perme, Stanko"]
[Black "Arcon, Roman"]
[Result "0-1"]
[WhiteElo "1492"]
[BlackElo "1713"]
[PlyCount "58"]
[EventDate "2024.09.12"]
[WhiteTeam "SK Komenda Pogi"]
[BlackTeam "SK Medvode"]

1. e4 d5 2. exd5 Qxd5 3. Nc3 Qa5 4. d4 c6 5. Bd2 Qc7 6. Bc4 Nf6 7. h3 Bf5 8.
Nf3 Nbd7 9. a3 e6 10. O-O h6 11. Re1 O-O-O 12. b4 g5 13. b5 g4 14. bxc6 Qxc6
15. Bb5 Qc7 16. Ne5 gxh3 17. g3 Rg8 18. Bxd7+ Nxd7 19. Bf4 Qxc3 20. Re3 Qa5 21.
Rb1 Qd5 22. Rc3+ Nc5 23. Qf3 Be4 24. Qh5 Qxd4 25. Rc4 Qd5 26. f3 Bg6 27. Qxh3
f6 28. Nxg6 Qxc4 29. Nxf8 Qxf4 0-1

[Event "OSREDNJA SLOVENSKA LIGA 2024"]
[Site "Gostovanja"]
[Date "2024.10.03"]
[Round "4.7"]
[White "Krupenko, Andrej"]
[Black "Perme, Lojze"]
[Result "1-0"]
[WhiteElo "1556"]
[BlackElo "1420"]
[PlyCount "47"]
[EventDate "2024.09.12"]
[WhiteTeam "SK Medvode"]
[BlackTeam "SK Komenda Pogi"]

1. d4 d5 2. c4 dxc4 3. Nc3 Nf6 4. e3 Bf5 5. Bxc4 e6 6. Nf3 Bb4 7. a3 Be7 8. O-O
O-O 9. b4 Nbd7 10. Bb2 c6 11. Rc1 a6 12. Be2 b5 13. Nh4 Be4 14. Nxe4 Nxe4 15.
Nf3 Rc8 16. Bd3 Nef6 17. Nd2 Re8 18. f4 Bd6 19. e4 e5 20. fxe5 Bxe5 21. dxe5
Nxe5 22. Bb1 Nd3 23. Bxd3 Qxd3 24. Rf3 1-0